Statistics for Pika

Click here to take the quiz!

General Stats

  • This quiz has been taken 109 times
  • The average score is 6 of 12

Answer Stats

HintAnswer% Correct
Which Pokémon is based on the pika?
Pikachu
97%
How many of those species live in North America?2
68%
Which continent are most pika species found?Asia
68%
What order of animals do people often mistakenly think the pika belongs to?Rodentia
67%
Pikas are social animals.False
53%
What kind of diet does the pika have?Herbivore
49%
What is the maximum temperature a pika can tolerate?25C
47%
How many known species of pika are there?37
39%
What animal are they most closely related to?Rabbit
36%
What is the average lifespan of a wild pika?7 years
18%
What order of animals do pika belong to?Lagomorpho
16%
What is the longest gestation period of all pika species?30 days
9%

Score Distribution

Percentile by Number Answered

Percent of People with Each Score

Your Score History

You have not taken this quiz